Las ideologa̕s y el derecho

Detalles Bibliográficos
Autor principal: Mňdez de Smith, Elisa A.
Formato: Desconocido
Lenguaje:español
Publicado: Buenos Aires : Astrea, 1982
Colección:Filosofa̕ y derecho (Astrea) ; 10
Materias:
Acceso en línea:Acceso restringido

MARC

LEADER 00000ny a22000003n 4500
005 20110620135332.0
008 980609s1982 ag b 000 0 spa d
020 |a 9789500080002 
035 |a 2061 
040 |a UCA-600  |d vLex 
090 |c 881  |d 881 
100 1 |a Mňdez de Smith, Elisa A. 
245 1 4 |a Las ideologa̕s y el derecho  |h [Recurso electrn̤ico]  |c Elisa A. Mňdez de Smith 
256 |a Servicio en ln̕ea 
260 |a Buenos Aires :  |b Astrea,  |c 1982 
300 |a 158 p. ;  |c 20 cm 
490 1 |a Filosofa̕ y derecho ;  |v 10 
506 1 |a Contenido solo disponible en los productos indicados  |d vLex Global  |d vLex Global (Academic Edition, excluding Law Schools)  |d vLex Global (U.S. Academic Edition, Law Schools)  |d vLex Global (U.S. Academic Edition, excluding Law Schools)  |d vLex Global (Academic Edition, Law Schools) 
650 0 4 |a Conocimiento, Sociologa̕ del 
650 0 4 |a Derecho  |x Filosofa̕ 
740 0 |a vLex Libros (Servicios en ln̕ea) 
830 0 |a Filosofa̕ y derecho (Astrea) ;  |v 10 
856 4 0 |u http://vlex.com/source/2061  |z Acceso restringido 
942 |c BOOK 
999 0 4 |a Sociology  |b Argentina 
999 0 4 |a Derecho 
999 0 4 |a Ideologa̕.